000 00483nam a2200193Ia 4500
005 20250923150002.0
008 008 250917s9999 xx 000 0 eng d
037 _aTextual
040 _aDSWL
_beng
_cDSWL
041 _aeng
_2eng
084 _qDSWL
245 0 _aTowards people-centred development Pt-I
_cEd. by Murli Desai
260 _aMumbai
_bT.I.S.S.
_c1998
300 _a290 p.
365 _bGift
925 _gGift
942 _cTEXL
999 _c1458163
_d1458163